[Event "Chigorin Memorial 28th"]
[Site "St Petersburg"]
[Date "2021.10.26"]
[Round "4"]
[White "Sichinava, Zviad"]
[Black "Nasyrova, Ekaterina"]
[Result "1-0"]
[WhiteElo "2257"]
[BlackElo "2091"]
[PlyCount "57"]
[EventDate "2021.10.23"]
[EventType "swiss"]
[EventRounds "9"]
[EventCountry "RUS"]
[SourceTitle "EXT 2023"]
[Source "ChessBase"]
[SourceDate "2022.10.05"]
[SourceVersion "1"]
[SourceVersionDate "2022.10.05"]
[SourceQuality "1"]

1. d4 d5 2. c4 e6 3. Nf3 Nf6 4. g3 Bb4+ 5. Bd2 Bd6 6. Bg2 0-0 7. 0-0 Nbd7 8. b3 dxc4 9. bxc4 c5 10. e3 b6 11. Nh4 Rb8 12. Nc3 a6 13. a4 Qc7 14. d5 exd5 15. Nxd5 Nxd5 16. cxd5 Nf6 17. Qc2 Rd8 18. e4 Be5 19. Rac1 Bd7 20. Nf3 Rbc8 21. Nxe5 Qxe5 22. Bc3 Qe7 23. e5 Ne8 24. f4 c4 25. d6 Qf8 26. Be4 h6 27. Bb7 b5 28. Bxa6 bxa4 29. Ba5 1-0

[Event "Chigorin Memorial 27th"]
[Site "St Petersburg"]
[Date "2019.10.10"]
[Round "6"]
[White "Sichinava, Zviad"]
[Black "Gagare, Shardul"]
[Result "1/2-1/2"]
[WhiteElo "2278"]
[BlackElo "2474"]
[PlyCount "49"]
[EventDate "2019.10.05"]
[EventType "swiss"]
[EventRounds "9"]
[EventCountry "RUS"]
[SourceTitle "EXT 2020"]
[Source "ChessBase"]
[SourceDate "2019.10.17"]
[SourceVersion "1"]
[SourceVersionDate "2019.10.17"]
[SourceQuality "1"]

1. d4 d5 2. c4 c6 3. Nf3 Nf6 4. Qc2 dxc4 5. e4 b5 6. b3 cxb3 7. axb3 e6 8. Bd2 a5 9. Bd3 Na6 10. 0-0 Bb7 11. Bxa5 Qc8 12. Nc3 Nb4 13. Bxb4 Bxb4 14. Rxa8 Qxa8 15. e5 Nd7 16. Ne4 h6 17. Qe2 Ke7 18. Ne1 Qa3 19. Nc2 Qxb3 20. Nxb4 Qxb4 21. Nd6 Qxd4 22. Nxb7 Ra8 23. Qe4 Qxe4 24. Bxe4 Nxe5 25. f4 1/2-1/2

[Event "Chigorin Memorial 27th"]
[Site "St Petersburg"]
[Date "2019.10.05"]
[Round "1"]
[White "Mekanova, Annagozel"]
[Black "Sichinava, Zviad"]
[Result "0-1"]
[WhiteElo "1809"]
[BlackElo "2278"]
[PlyCount "84"]
[EventDate "2019.10.05"]
[EventType "swiss"]
[EventRounds "9"]
[EventCountry "RUS"]
[SourceTitle "EXT 2020"]
[Source "ChessBase"]
[SourceDate "2019.10.17"]
[SourceVersion "1"]
[SourceVersionDate "2019.10.17"]
[SourceQuality "1"]

1. e4 d6 2. d4 Nf6 3. Nc3 g6 4. h3 Bg7 5. Nf3 0-0 6. Be2 a6 7. a4 Nc6 8. Be3 Nd7 9. Qd2 e5 10. d5 Ne7 11. Bh6 f5 12. Bxg7 Kxg7 13. h4 h6 14. exf5 gxf5 15. 0-0-0 b5 16. Rdg1 b4 17. Nd1 Nf6 18. g4 f4 19. h5 Kh8 20. g5 hxg5 21. Nxg5 Nexd5 22. Bf3 c6 23. Qd3 Ne7 24. Qf1 d5 25. Qg2 Nf5 26. h6 Qe7 27. Bh5 Nxh5 28. Rxh5 Ng3 29. fxg3 Bg4 30. Nf7+ Rxf7 31. Rhh1 Bxd1 32. gxf4 exf4 33. Kxd1 f3 34. Qf2 Qf6 35. Kc1 Re8 36. Kb1 b3 37. h7 bxc2+ 38. Ka2 Qf4 39. Rh4 c1Q 40. Rxc1 Qxc1 41. Qd4+ Rg7 42. Qf6 Qg5 0-1

[Event "St Petersburg Korchnoi Memorial op"]
[Site "St Petersburg"]
[Date "2019.08.21"]
[Round "8"]
[White "Sichinava, Zviad"]
[Black "Sorokin, Aleksey"]
[Result "1-0"]
[WhiteElo "2257"]
[BlackElo "2537"]
[PlyCount "83"]
[EventDate "2019.08.14"]
[EventType "swiss"]
[EventRounds "9"]
[EventCountry "RUS"]
[SourceTitle "CBM 192"]
[Source "ChessBase"]
[SourceDate "2019.10.31"]
[SourceVersion "1"]
[SourceVersionDate "2019.10.31"]
[SourceQuality "1"]

1. d4 Nf6 2. c4 g6 3. Nc3 d5 4. cxd5 Nxd5 5. Qa4+ Nc6 6. Nf3 Bg7 7. e4 Nb6 8. Qc2 e5 9. d5 Nd4 10. Nxd4 exd4 11. Nb5 c6 12. dxc6 0-0 13. c7 Qf6 14. f4 Qh4+ 15. g3 Qe7 16. e5 Bd7 17. Nxd4 f6 18. Qb3+ Rf7 19. e6 Ba4 20. Qe3 Rff8 21. f5 Qxc7 22. Bg2 Nc4 23. Qc3 Rfd8 24. b3 Qb6 25. bxc4 Qxd4 26. Qxd4 Rxd4 27. Bxb7 Rad8 28. e7 Re8 29. Bd5+ Rxd5 30. cxd5 Rxe7+ 31. Kf2 Rd7 32. Rb1 gxf5 33. Rb4 Bc2 34. Rd4 Bf8 35. Be3 Bc5 36. Rc4 Bxe3+ 37. Kxe3 Be4 38. Rd1 Bxd5 39. Rc8+ Kf7 40. Kf4 Ke6 41. Rc5 a6 42. Ra5 1-0

[Event "St Petersburg Korchnoi Memorial op"]
[Site "St Petersburg"]
[Date "2019.08.19"]
[Round "6"]
[White "Sichinava, Zviad"]
[Black "Sek, Konstantin"]
[Result "1-0"]
[WhiteElo "2257"]
[BlackElo "2469"]
[PlyCount "71"]
[EventDate "2019.08.14"]
[EventType "swiss"]
[EventRounds "9"]
[EventCountry "RUS"]
[SourceTitle "CBM 192"]
[Source "ChessBase"]
[SourceDate "2019.10.31"]
[SourceVersion "1"]
[SourceVersionDate "2019.10.31"]
[SourceQuality "1"]

1. d4 Nf6 2. c4 e6 3. g3 c5 4. d5 exd5 5. cxd5 d6 6. Nc3 g6 7. Bg2 Bg7 8. Nh3 0-0 9. 0-0 Re8 10. Re1 a6 11. a4 Nbd7 12. e4 Ne5 13. f4 Bg4 14. fxe5 Bxd1 15. exf6 Bxf6 16. Rxd1 b5 17. axb5 axb5 18. Rxa8 Qxa8 19. Nxb5 Qb8 20. Rf1 Kg7 21. Nc3 Qb4 22. Kh1 Ra8 23. Nf2 h5 24. e5 Bd8 25. exd6 c4 26. Nfe4 Kg8 27. Nf6+ Bxf6 28. Rxf6 Ra1 29. Rf1 Qxd6 30. Ne4 Qe5 31. d6 Qd4 32. Nf6+ Kh8 33. Nd5 Qe5 34. b4 Qd4 35. d7 Ra8 36. Bg5 1-0

[Event "Sochi ChessAmateur op10"]
[Site "Sochi"]
[Date "2018.10.14"]
[Round "4"]
[White "Eremeev, Mikhail"]
[Black "Sichinava, Zviad"]
[Result "1-0"]
[WhiteElo "2121"]
[BlackElo "2288"]
[PlyCount "81"]
[EventDate "2018.10.12"]
[EventType "swiss"]
[EventRounds "9"]
[EventCountry "RUS"]
[SourceTitle "CBM 187 Extra"]
[Source "ChessBase"]
[SourceDate "2018.11.04"]
[SourceVersion "1"]
[SourceVersionDate "2018.11.04"]
[SourceQuality "1"]

1. d4 Nf6 2. Nf3 g6 3. g3 Bg7 4. Bg2 0-0 5. 0-0 c5 6. e3 d5 7. b3 cxd4 8. Nxd4 Bg4 9. f3 Bd7 10. Bb2 e5 11. Ne2 Nc6 12. Nbc3 Be6 13. Qd2 Qa5 14. Rfd1 Rfd8 15. Na4 Qxd2 16. Rxd2 Bf8 17. Re1 Rac8 18. Nf4 exf4 19. Bxf6 fxe3 20. Rxe3 Rd7 21. Ree2 d4 22. Nb2 Bb4 23. Rd1 Bf5 24. g4 Rd6 25. Bg5 Be6 26. Nd3 Bc3 27. h3 b5 28. Bf4 Rdd8 29. Bg3 b4 30. Nf4 Re8 31. Nxe6 Rxe6 32. Rxe6 fxe6 33. Bf1 Kf7 34. f4 Kg7 35. Bd3 Nd8 36. Kg2 Nf7 37. h4 Rc5 38. Kf3 Ra5 39. Rh1 Rxa2 40. h5 gxh5 41. Rxh5 1-0

[Event "RUS-ch Eurasia Cup op"]
[Site "Ekaterinburg"]
[Date "2018.08.04"]
[Round "4"]
[White "Drygalov, Andrey"]
[Black "Sichinava, Zviad"]
[Result "1-0"]
[WhiteElo "2450"]
[BlackElo "2319"]
[PlyCount "85"]
[EventDate "2018.08.01"]
[EventType "swiss"]
[EventRounds "9"]
[EventCountry "RUS"]
[SourceTitle "CBM 185 Extra"]
[Source "ChessBase"]
[SourceDate "2018.07.29"]
[SourceVersion "1"]
[SourceVersionDate "2018.07.29"]
[SourceQuality "1"]

1. d4 Nf6 2. c4 Nc6 3. Nf3 e6 4. a3 g6 5. Nc3 Bg7 6. e3 0-0 7. Be2 a5 8. 0-0 d6 9. b3 e5 10. Bb2 exd4 11. Nxd4 Ne5 12. Qc2 c6 13. h3 Re8 14. Rfd1 Qe7 15. b4 Be6 16. Nxe6 Qxe6 17. Na4 axb4 18. axb4 Rad8 19. Bd4 d5 20. cxd5 Nxd5 21. Qb2 Qf5 22. b5 Bf8 23. Nc5 Bxc5 24. Bxc5 b6 25. Bd4 c5 26. Bxe5 Rxe5 27. Bg4 Qf6 28. Ra6 Rd6 29. Qd2 Re8 30. Bf3 Red8 31. Bxd5 Rxd5 32. Qxd5 Rxd5 33. Rxd5 Qc3 34. Rd1 Qf6 35. Ra7 Qb2 36. Rdd7 Qb1+ 37. Kh2 Qf5 38. f4 c4 39. Rac7 Qe6 40. Re7 Qf5 41. Rxc4 Qxb5 42. Rcc7 Qf5 43. Rxf7 1-0

[Event "St Petersburg Summer op"]
[Site "St Petersburg"]
[Date "2017.08.24"]
[Round "9"]
[White "Aksenova, Maria"]
[Black "Sichinava, Zviad"]
[Result "0-1"]
[WhiteElo "1991"]
[BlackElo "2262"]
[PlyCount "130"]
[EventDate "2017.08.16"]
[EventType "swiss"]
[EventRounds "9"]
[EventCountry "RUS"]
[SourceTitle "CBM 180 Extra"]
[Source "ChessBase"]
[SourceDate "2017.10.06"]
[SourceVersion "1"]
[SourceVersionDate "2017.10.06"]
[SourceQuality "1"]

1. d4 Nf6 2. Nf3 e6 3. e3 c5 4. c4 b6 5. Bd3 Bb7 6. 0-0 Be7 7. Nbd2 0-0 8. b3 cxd4 9. exd4 d5 10. Bb2 Nbd7 11. Rc1 Ne4 12. Qc2 f5 13. cxd5 Rc8 14. Qd1 Bxd5 15. Qe2 Ndf6 16. Rxc8 Qxc8 17. Rc1 Qb7 18. Ba6 Qa8 19. Bc4 Ng4 20. Bxd5 Qxd5 21. Rf1 Rc8 22. Nc4 b5 23. Nce5 Ngf6 24. Rc1 Rxc1+ 25. Bxc1 Nc3 26. Qc2 b4 27. Bg5 h6 28. Ng6 Bd6 29. Bf4 Kh7 30. Bxd6 Qxd6 31. Nge5 Qa6 32. Nd3 Nxa2 33. Nc5 Qa5 34. Nxe6 Nc3 35. h3 Nfe4 36. Nf8+ Kg8 37. Ng6 Qb5 38. Nf4 a5 39. Nd2 a4 40. bxa4 Qxa4 41. Qb3+ Qxb3 42. Nxb3 Kf7 43. Nd3 Na2 44. f3 Nec3 45. Kf2 Ke6 46. Ke3 Kd5 47. Nf4+ Kc4 48. Nd2+ Kb5 49. Nd3 Nd5+ 50. Kf2 Nac3 51. g4 f4 52. h4 Nd1+ 53. Ke1 N1e3 54. Kf2 Nc2 55. g5 Nxd4 56. gxh6 gxh6 57. Ne5 b3 58. h5 Kb4 59. Ng4 b2 60. Nxh6 Kc3 61. Nb1+ Kc2 62. Na3+ Kb3 63. Nb1 Ka2 64. Nd2 Nb3 65. Nxb3 Kxb3 0-1

[Event "St Petersburg Summer op"]
[Site "St Petersburg"]
[Date "2017.08.17"]
[Round "2"]
[White "Alekseev, Evgeny V"]
[Black "Sichinava, Zviad"]
[Result "1-0"]
[WhiteElo "2614"]
[BlackElo "2262"]
[PlyCount "81"]
[EventDate "2017.08.16"]
[EventType "swiss"]
[EventRounds "9"]
[EventCountry "RUS"]
[SourceTitle "CBM 180 Extra"]
[Source "ChessBase"]
[SourceDate "2017.10.06"]
[SourceVersion "1"]
[SourceVersionDate "2017.10.06"]
[SourceQuality "1"]

1. Nf3 d5 2. e3 Bg4 3. c4 Bxf3 4. Qxf3 c6 5. d4 Nf6 6. Nc3 e6 7. Bd3 Be7 8. 0-0 Nbd7 9. Rd1 0-0 10. Bd2 dxc4 11. Bxc4 e5 12. Be1 exd4 13. Rxd4 b5 14. Bf1 b4 15. Ne4 c5 16. Rdd1 Qc7 17. Nd2 Bd6 18. g3 Nb6 19. Rac1 Qe7 20. Nb3 Rac8 21. Na5 Ne4 22. Qe2 Be5 23. Bg2 f5 24. a3 Qf6 25. Bxe4 fxe4 26. axb4 cxb4 27. Bxb4 Rfe8 28. b3 Qf5 29. Qb5 Qf3 30. Nc6 Bf6 31. Nxa7 Rcd8 32. Rd6 Na8 33. Nc6 Rc8 34. Bc3 Bxc3 35. Rxc3 Kh8 36. Ne5 Qh5 37. Rxc8 Rxc8 38. Qd5 Qe8 39. Nf7+ Kg8 40. Rd8 Rxd8 41. Nxd8+ 1-0

[Event "Chigorin Memorial 24th"]
[Site "St Petersburg"]
[Date "2016.10.16"]
[Round "2"]
[White "Sengupta, Deep"]
[Black "Sichinava, Zviad"]
[Result "1-0"]
[WhiteElo "2570"]
[BlackElo "2305"]
[PlyCount "85"]
[EventDate "2016.10.15"]
[EventType "swiss"]
[EventRounds "9"]
[EventCountry "RUS"]
[SourceTitle "CBM 175 Extra"]
[Source "ChessBase"]
[SourceDate "2016.12.12"]
[SourceVersion "1"]
[SourceVersionDate "2016.12.12"]
[SourceQuality "1"]

1. e4 e6 2. d4 d5 3. Nd2 Be7 4. Ngf3 Nf6 5. e5 Nfd7 6. Bd3 c5 7. c3 Nc6 8. 0-0 g5 9. Qe2 h5 10. Qe3 Rg8 11. Bb1 a5 12. Ne1 b5 13. Nc2 Qb6 14. Rd1 Ba6 15. Nf1 b4 16. Qe1 a4 17. a3 b3 18. dxc5 Bxc5 19. Nb4 Ncxe5 20. Be3 Bxf1 21. Bxc5 Qxc5 22. Qxf1 g4 23. Bd3 Ke7 24. Bb5 Nf6 25. Rd4 Nf3+ 26. gxf3 gxf3+ 27. Kh1 Rg2 28. Nc6+ Kd6 29. Qc1 Qxb5 30. Qf4+ Kxc6 31. c4 Qb8 32. cxd5+ Kd7 33. d6 Rg4 34. Qxf6 Rxd4 35. Qxd4 Qxd6 36. Qf6 Qd5 37. Qxf7+ Kc6 38. Re1 Rd8 39. Rxe6+ Kb5 40. h3 Qd1+ 41. Kh2 Rd7 42. Qxh5+ Kc4 43. Qa5 1-0

[Event "St Petersburg rapid"]
[Site "St Petersburg"]
[Date "2016.08.28"]
[Round "9"]
[White "Sichinava, Zviad"]
[Black "Matlakov, Maxim"]
[Result "1/2-1/2"]
[WhiteElo "2298"]
[BlackElo "2686"]
[PlyCount "56"]
[EventDate "2016.08.27"]
[EventType "swiss (rapid)"]
[EventRounds "11"]
[EventCountry "RUS"]
[SourceTitle "CBM 174 Extra"]
[Source "ChessBase"]
[SourceDate "2016.10.10"]
[SourceVersion "1"]
[SourceVersionDate "2016.10.10"]
[SourceQuality "1"]

1. d4 g6 2. h4 Nf6 3. h5 Nxh5 4. Rxh5 gxh5 5. e3 e6 6. Qxh5 d6 7. Nf3 Nd7 8. g4 Qe7 9. Nc3 Bg7 10. e4 h6 11. Be3 b6 12. e5 Bb7 13. Be2 dxe5 14. Nxe5 Nxe5 15. dxe5 0-0-0 16. f4 f6 17. Bd3 fxe5 18. fxe5 Qe8 19. Qh2 h5 20. g5 h4 21. 0-0-0 h3 22. a3 Qh5 23. Nb5 Qf3 24. Re1 Qg2 25. Qf4 Rxd3 26. cxd3 Qc6+ 27. Kb1 Qxb5 28. Qf7 Qd7 1/2-1/2

[Event "Chigorin Memorial 23rd"]
[Site "St Petersburg"]
[Date "2015.10.05"]
[Round "3"]
[White "Ivanov, Nikolay A"]
[Black "Sichinava, Zviad"]
[Result "0-1"]
[WhiteElo "1895"]
[BlackElo "2329"]
[PlyCount "50"]
[EventDate "2015.10.03"]
[EventType "swiss"]
[EventRounds "9"]
[EventCountry "RUS"]
[SourceTitle "CBM 168 Extra"]
[Source "ChessBase"]
[SourceDate "2015.10.29"]
[SourceVersion "1"]
[SourceVersionDate "2015.10.29"]
[SourceQuality "1"]

1. c4 Nf6 2. Nc3 c5 3. g3 g6 4. Bg2 Bg7 5. d3 0-0 6. Rb1 Nc6 7. a3 e6 8. b4 d5 9. cxd5 exd5 10. Bg5 Be6 11. Nf3 h6 12. Bxf6 Qxf6 13. Na4 cxb4 14. axb4 b5 15. Nc5 Nxb4 16. 0-0 a5 17. Qb3 Rfb8 18. Rfc1 Nc6 19. Nxe6 Qxe6 20. Rc5 a4 21. Qc2 b4 22. Rxc6 b3 23. Qc5 Qxe2 24. d4 a3 25. Rb6 a2 0-1

[Event "Chigorin Memorial 23rd"]
[Site "St Petersburg"]
[Date "2015.10.03"]
[Round "1"]
[White "Toporkova, Sofia"]
[Black "Sichinava, Zviad"]
[Result "0-1"]
[WhiteElo "1950"]
[BlackElo "2329"]
[PlyCount "80"]
[EventDate "2015.10.03"]
[EventType "swiss"]
[EventRounds "9"]
[EventCountry "RUS"]
[SourceTitle "CBM 168 Extra"]
[Source "ChessBase"]
[SourceDate "2015.10.29"]
[SourceVersion "1"]
[SourceVersionDate "2015.10.29"]
[SourceQuality "1"]

1. d4 Nf6 2. Nf3 c5 3. g3 cxd4 4. Nxd4 d5 5. Bg2 e5 6. Nb3 Nc6 7. Bg5 Be6 8. 0-0 Be7 9. Nc3 d4 10. Bxf6 gxf6 11. Ne4 Bd5 12. e3 f5 13. Ned2 Bxg2 14. Kxg2 Qd5+ 15. Kg1 0-0-0 16. Qh5 Qe6 17. Rfe1 dxe3 18. fxe3 Rhg8 19. Re2 h6 20. Rf1 Rg5 21. Qh3 Bd6 22. e4 f4 23. Qxe6+ fxe6 24. Rg2 Rdg8 25. Rf3 h5 26. Rd3 Bc7 27. Nf3 Rg4 28. Nh4 Bd8 29. h3 R4g7 30. Nf3 Rxg3 31. Ne1 Bb6+ 32. Kf1 Be3 33. c3 Ne7 34. h4 Kc7 35. Na5 b5 36. c4 Bb6 37. Rgxg3 fxg3 38. Nb3 bxc4 39. Rc3 Kd6 40. Nd2 Rf8+ 0-1

[Event "St Petersburg-ch 88th"]
[Site "St Petersburg"]
[Date "2015.03.30"]
[Round "10"]
[White "Sichinava, Zviad"]
[Black "Martynov, Pavel"]
[Result "1-0"]
[WhiteElo "2301"]
[BlackElo "2414"]
[PlyCount "83"]
[EventDate "2015.03.21"]
[EventType "tourn"]
[EventRounds "11"]
[EventCountry "RUS"]
[EventCategory "6"]
[SourceTitle "CBM 165 Extra"]
[Source "ChessBase"]
[SourceDate "2015.04.21"]
[SourceVersion "1"]
[SourceVersionDate "2015.04.21"]
[SourceQuality "1"]

1. d4 d6 2. c4 Nf6 3. Nc3 g6 4. e4 Bg7 5. Be2 0-0 6. Nf3 e5 7. 0-0 Nbd7 8. d5 Nh5 9. g3 Bf6 10. Ne1 Ng7 11. Nd3 Be7 12. Be3 f5 13. f3 Nf6 14. c5 h5 15. Kg2 fxe4 16. fxe4 Ng4 17. Bxg4 Bxg4 18. Rxf8+ Qxf8 19. Qf1 Qc8 20. Nf2 Bd7 21. cxd6 cxd6 22. Rc1 h4 23. Qe2 Nh5 24. g4 Nf4+ 25. Bxf4 exf4 26. e5 dxe5 27. Qxe5 f3+ 28. Kh3 Qf8 29. Nce4 Re8 30. d6 Bd8 31. Qd5+ Be6 32. Qxb7 Qf4 33. Re1 Rf8 34. Qxa7 Qe5 35. b4 Qb2 36. Qe3 Qxa2 37. Nc3 Bxg4+ 38. Kxg4 Qc4+ 39. Kh3 Bb6 40. Qxb6 Qf4 41. Qc5 g5 42. Qd5+ 1-0

[Event "St Petersburg-ch 88th"]
[Site "St Petersburg"]
[Date "2015.03.27"]
[Round "7"]
[White "Duzhakov, Ilya"]
[Black "Sichinava, Zviad"]
[Result "1-0"]
[WhiteElo "2403"]
[BlackElo "2301"]
[PlyCount "67"]
[EventDate "2015.03.21"]
[EventType "tourn"]
[EventRounds "11"]
[EventCountry "RUS"]
[EventCategory "6"]
[SourceTitle "CBM 165 Extra"]
[Source "ChessBase"]
[SourceDate "2015.04.21"]
[SourceVersion "1"]
[SourceVersionDate "2015.04.21"]
[SourceQuality "1"]

1. d4 Nf6 2. c4 c5 3. d5 b5 4. cxb5 a6 5. bxa6 Bxa6 6. Nc3 d6 7. Nf3 Nbd7 8. e4 Bxf1 9. Kxf1 g6 10. g3 Bg7 11. Kg2 0-0 12. a4 Ra6 13. Qc2 Qa8 14. Ra3 e6 15. dxe6 fxe6 16. Nb5 Qc6 17. Re1 d5 18. exd5 Nxd5 19. Qe4 N7f6 20. Qc4 Nd7 21. Qe4 Kh8 22. Kg1 N7f6 23. Qh4 Nh5 24. Ng5 e5 25. Rf3 Ndf6 26. Qc4 Bh6 27. Nf7+ Rxf7 28. Qxf7 Bg7 29. Qc7 Qxf3 30. Qc8+ Ng8 31. Qxa6 e4 32. Nd6 Bd4 33. Nxe4 Nhf6 34. Qe2 1-0